Statistiques concernant Harry Potter: les Horcruxes

Cliquez ici pour prendre le quiz!

Statistiques générales

  • Ce quiz a été pris 189 fois
    (167 depuis la dernière actualisation)
  • Le résultat moyen est 29 sur 40

Statistiques - réponses

InformationRéponse% Correct
Première apparition (sauf Harry)Harry Potter et la Chambre des Secrets
96%
Le 6e de VoldemortHarry Potter
95%
DestructeurHarry Potter
95%
Dernière apparitionHarry Potter et les Reliques de la Mort
93%
Le 2e de VoldemortLe journal de Tom Jedusor
92%
Première mention (mot horcruxe prononcé)Harry Potter et le Prince de Sang-Mêlé
91%
DestructeurLord Voldemort
91%
2e personne a en avoir créeLord Voldemort
91%
Le 1er de VoldemortLa bague des Gaunt
88%
Lieu de destructionChambre des Secrets
87%
Lieu de destructionChambre des Secrets
87%
Le 4e de VoldemortLa coupe de Helga Poufsouffle
87%
Le 7e de VoldemortNagini
87%
Le 5e de VoldemortLe diademe de Rowena Serdaigle
85%
Moyen de destructionCrochet de Basilic
84%
Moyen de destructionCrochet de Basilic
84%
Le 3e de VoldemortLe médaillon de Salazar Serpentard
84%
Moyen de destructionEpée de Gryffondor
82%
Moyen de destructionEpée de Gryffondor
82%
Moyen de destructionEpée de Gryffondor
82%
DestructeurRon Weasley
82%
Chose à faire pour en creer unTuer
79%
DestructeurHermione Granger
75%
DestructeurAlbus Dumbledore
74%
Lieu de destructionPoudlard
74%
DestructeurNeville Londubat
73%
CachetteAlbanie
70%
Lieu de destructionSalle sur Demande
67%
UtilisationSéparer son ame en plusieurs morceaux
67%
Lieu de destructionForêt Interdite
62%
CachetteCaverne
61%
CachetteManoir des Malefoy
60%
CachetteMaison des Gaunt
56%
Moyen de destructionAvada Kedavra
54%
CachetteCoffre fort des Lestrange
51%
DestructeurVincent Crabbe
46%
Lieu de destructionForêt de Dean
39%
Lieu de destructionBureau de Dumbledore
38%
Moyen de destructionFeudeymon
32%
1ere personne a en avoir créeHerpo l'infame
5%

Distribution des résultats

Percentile par nombre de réponses

% des personnes avec chaque résultat

Votre développement - résultats

Vous n’avez pas pris ce quiz depuis la dernière actualisation